[Event "Cto. Madrid 2016/2017 - Semifinal"]
[Site "Madrid ESP"]
[Date "2017.03.30"]
[Round "4.9"]
[White "Lopez Heras, Arturo"]
[Black "Rottenwohrer Suarez, Juan"]
[Result "0-1"]
[WhiteElo "1905"]
[BlackElo "2129"]
[PlyCount "52"]
[EventDate "2017.03.27"]
[EventType "swiss"]
[EventRounds "9"]
[EventCountry "ESP"]
[SourceTitle "AeM"]
[Source "lmi"]
[SourceDate "2017.03.27"]

1. d4 Nf6 2. c4 g6 3. Nc3 Bg7 4. e4 d6 5. f3 c6 6. Be3 a6 7. Qd2 b5 8. g4 Nbd7
9. Bd3 bxc4 10. Bxc4 d5 11. Bd3 dxe4 12. Nxe4 Nd5 13. Ne2 Nxe3 14. Qxe3 O-O 15.
O-O-O Rb8 16. Bc4 Nb6 17. Bb3 a5 18. Ng5 Nd5 19. Bxd5 Qxd5 20. Nc3 Qc4 21. Nge4
Rd8 22. Qe2 Qb4 23. a3 Qb3 24. Nc5 Bh6+ 25. Kb1 Qxc3 26. Ka1 Qe3 0-1

[Event "Cto. Madrid 2016/2017 - Semifinal"]
[Site "Madrid ESP"]
[Date "2017.03.30"]
[Round "4.10"]
[White "Ingunza Curro, Andres"]
[Black "Anton Veiga, Juan Carlos"]
[Result "0-1"]
[WhiteElo "1743"]
[BlackElo "2089"]
[PlyCount "131"]
[EventDate "2017.03.27"]
[EventType "swiss"]
[EventRounds "9"]
[EventCountry "ESP"]
[SourceTitle "AeM"]
[Source "lmi"]
[SourceDate "2017.03.27"]

1. e4 Nf6 2. e5 Nd5 3. d4 d6 4. c4 Nb6 5. exd6 exd6 6. Nc3 Be7 7. Be2 O-O 8.
Be3 Nc6 9. Rc1 Bf5 10. Nf3 Bf6 11. Qd2 Re8 12. O-O h6 13. b3 Qd7 14. Rfe1 Rad8
15. a3 Ne7 16. Rcd1 c6 17. h3 Bg6 18. Nh2 Kh7 19. Ng4 Ng8 20. Bd3 Bxd3 21.
Qxd3+ Kh8 22. Ne4 Be7 23. Ng3 Nf6 24. Nxf6 Bxf6 25. Nh5 Be7 26. d5 c5 27. Bc1
Rg8 28. Bb2 Nc8 29. Re4 Bf8 30. Qe3 Kh7 31. Rg4 Qf5 32. Ng3 Qc2 33. Rd2 Qb1+
34. Kh2 Ne7 35. Qf3 f5 36. Rf4 Ng6 37. Nxf5 Nxf4 38. Qxf4 Rd7 39. Qg4 Rf7 40.
Ng3 Qg6 41. Qe6 Be7 42. Ne4 Rd8 43. f3 Bf8 44. Qxg6+ Kxg6 45. Kg3 a6 46. a4 b6
47. Kf2 Rb7 48. Nc3 Re8 49. f4 Be7 50. g4 Bh4+ 51. Kf3 Be1 52. f5+ Kf7 53. Re2
Bxc3 54. Rxe8 Kxe8 55. Bxc3 Kf7 56. b4 g6 57. fxg6+ Kxg6 58. b5 axb5 59. cxb5
Ra7 60. a5 bxa5 61. b6 Rf7+ 62. Ke3 a4 63. Bb2 Rb7 64. Kd3 Rxb6 65. Kc3 Rb3+
66. Kc2 0-1

[Event "Cto. Madrid 2016/2017 - Semifinal"]
[Site "Madrid ESP"]
[Date "2017.03.30"]
[Round "4.11"]
[White "Correas Gonzalez, Jose Ramon"]
[Black "Vazquez Gonzalez, Jesus"]
[Result "1-0"]
[WhiteElo "2080"]
[BlackElo "1912"]
[PlyCount "81"]
[EventDate "2017.03.27"]
[EventType "swiss"]
[EventRounds "9"]
[EventCountry "ESP"]
[SourceTitle "AeM"]
[Source "lmi"]
[SourceDate "2017.03.27"]

1. e4 g6 2. d4 Bg7 3. Nc3 c5 4. dxc5 Qa5 5. Qd3 Qxc5 6. Nd5 e6 7. Be3 Qa5+ 8.
Bd2 Qd8 9. Bc3 Nf6 10. Nxf6+ Bxf6 11. O-O-O Nc6 12. Nf3 a6 13. g4 b5 14. g5
Bxg5+ 15. Nxg5 Qxg5+ 16. Kb1 O-O 17. h4 Qe7 18. h5 b4 19. Bd2 Bb7 20. Bg2 Rac8
21. Qh3 a5 22. f4 Nd8 23. Rc1 Rc5 24. Bf3 d5 25. e5 Kh8 26. Rh2 Rg8 27. Rg1 Rc7
28. Qg3 d4 29. Bxb7 Nxb7 30. f5 Rc3 31. Qg5 Rc7 32. Qxe7 Rxe7 33. Bg5 Rge8 34.
Bxe7 Rxe7 35. hxg6 fxg6 36. fxg6 Nc5 37. Rgh1 d3 38. Rxh7+ Rxh7 39. Rxh7+ Kg8
40. cxd3 Nxd3 41. Re7 1-0

[Event "Cto. Madrid 2016/2017 - Semifinal"]
[Site "Madrid ESP"]
[Date "2017.03.30"]
[Round "4.13"]
[White "Ocana Lameiro, Oliver"]
[Black "Prieto Martin, Alfonso"]
[Result "0-1"]
[WhiteElo "1966"]
[BlackElo "2228"]
[PlyCount "65"]
[EventDate "2017.03.27"]
[EventType "swiss"]
[EventRounds "9"]
[EventCountry "ESP"]
[SourceTitle "AeM"]
[Source "lmi"]
[SourceDate "2017.03.27"]

1. c4 Nf6 2. Nc3 e6 3. e4 d5 4. e5 d4 5. exf6 dxc3 6. bxc3 Qxf6 7. Qf3 Be7 8.
Qxf6 Bxf6 9. Ba3 e5 10. g3 Nc6 11. Rb1 Na5 12. Bb4 Bf5 13. Rb2 Nc6 14. Bg2 e4
15. Ne2 Ne5 16. Nf4 Nxc4 17. Rc2 O-O-O 18. g4 Bxg4 19. O-O Nxd2 20. Rxd2 Rxd2
21. Bxe4 Rhd8 22. f3 Be6 23. Nxe6 fxe6 24. a3 Be5 25. f4 Bd6 26. c4 Bxb4 27.
axb4 Rd1 28. Bxh7 Rxf1+ 29. Kxf1 Rd4 30. f5 Rf4+ 31. Ke2 exf5 32. Ke3 g5 33. b5
0-1

[Event "Cto. Madrid 2016/2017 - Semifinal"]
[Site "Madrid ESP"]
[Date "2017.03.30"]
[Round "4.14"]
[White "Casares Ripoll, Fernando"]
[Black "Vukotic Jovsic, Dragan"]
[Result "1/2-1/2"]
[WhiteElo "2106"]
[BlackElo "1950"]
[PlyCount "36"]
[EventDate "2017.03.27"]
[EventType "swiss"]
[EventRounds "9"]
[EventCountry "ESP"]
[SourceTitle "AeM"]
[Source "lmi"]
[SourceDate "2017.03.27"]

1. e4 c5 2. c3 e6 3. d4 d5 4. exd5 Qxd5 5. Nf3 Nf6 6. Be2 Be7 7. O-O O-O 8. Ne5
cxd4 9. cxd4 Rd8 10. Be3 Nbd7 11. Nc3 Qa5 12. Nc4 Qc7 13. Rc1 Qb8 14. Bf3 Nb6
15. Nxb6 axb6 16. Qb3 Qa7 17. a3 Qa5 18. Nb5 Nd5 1/2-1/2

[Event "Cto. Madrid 2016/2017 - Semifinal"]
[Site "Madrid ESP"]
[Date "2017.03.30"]
[Round "4.16"]
[White "Serrano Garcia, Vicente"]
[Black "Kejo, Janne"]
[Result "1-0"]
[WhiteElo "1841"]
[BlackElo "2026"]
[PlyCount "103"]
[EventDate "2017.03.27"]
[EventType "swiss"]
[EventRounds "9"]
[EventCountry "ESP"]
[SourceTitle "AeM"]
[Source "lmi"]
[SourceDate "2017.03.27"]

1. d4 d5 2. Nf3 Nf6 3. Bg5 c6 4. e3 Qa5+ 5. c3 Nbd7 6. Bd3 e6 7. Nbd2 Be7 8.
O-O O-O 9. Ne5 Qd8 10. f4 c5 11. Rf3 h6 12. Rh3 Ne4 13. Bxh6 Nxe5 14. fxe5 Bg5
15. Bxg7 Kxg7 16. Qg4 Rg8 17. Nxe4 dxe4 18. Qxe4 cxd4 19. Qh7+ Kf8 20. exd4 Bd7
21. Rf1 Qe7 22. Be4 Rb8 23. Rhf3 Be8 24. Rg3 f5 25. exf6 Qxh7 26. Bxh7 Rh8 27.
Be4 Rh4 28. f7 Bxf7 29. Bg6 Bf4 30. Bxf7 Bxg3 31. hxg3 Rh6 32. Bxe6+ Ke7 33. d5
Rbh8 34. Rf7+ Kd6 35. Rxb7 Rh1+ 36. Kf2 Rb1 37. g4 Ke5 38. g5 Rd1 39. g6 Rd2+
40. Kf3 Rd3+ 41. Ke2 Rg3 42. g7 Rh2 43. g8=Q Rhxg2+ 44. Kd1 Rxg8 45. Bxg8 Rxg8
46. Rxa7 Kxd5 47. Rc7 Rg2 48. Kc1 Kd6 49. Rc8 Kd5 50. a3 Ke4 51. Rd8 Ke3 52.
Kb1 1-0

[Event "Cto. Madrid 2016/2017 - Semifinal"]
[Site "Madrid ESP"]
[Date "2017.03.30"]
[Round "4.17"]
[White "Cabanas Bravo, Juan Andres"]
[Black "Rosa Ramirez, Victor Diego"]
[Result "1-0"]
[WhiteElo "2005"]
[BlackElo "1945"]
[PlyCount "141"]
[EventDate "2017.03.27"]
[EventType "swiss"]
[EventRounds "9"]
[EventCountry "ESP"]
[SourceTitle "AeM"]
[Source "lmi"]
[SourceDate "2017.03.27"]

1. e4 c6 2. d4 d5 3. Nc3 dxe4 4. Nxe4 Bf5 5. Ng3 Bg6 6. Bc4 e6 7. N1e2 Bd6 8.
O-O Qc7 9. f4 Nd7 10. f5 exf5 11. Nxf5 Bxh2+ 12. Kh1 O-O-O 13. Qe1 Bd6 14.
Nxd6+ Qxd6 15. Qa5 Nb6 16. Bxf7 Bxf7 17. Rxf7 Qd5 18. Qxd5 Nxd5 19. Rxg7 Nge7
20. c4 Nf5 21. Rg5 Nde7 22. b3 h6 23. Rh5 Rhg8 24. Bb2 Rg4 25. Kh2 Rdg8 26. Rg1
R8g5 27. Rh3 Rg6 28. Bc1 Nxd4 29. Nxd4 Rxd4 30. Bxh6 Nf5 31. Bc1 Rdg4 32. g3
Rg8 33. Bf4 Nd4 34. Rf1 Ne6 35. Rh4 R4g6 36. Bd6 b6 37. b4 c5 38. bxc5 Nxc5 39.
Rf8+ Rxf8 40. Bxf8 Ne6 41. Bb4 a5 42. Bd2 Kd7 43. Be3 Kc6 44. Kg2 b5 45. cxb5+
Kxb5 46. a4+ Ka6 47. g4 Kb7 48. Kf3 Nc7 49. Rh5 Ka6 50. Rh6 Rxh6 51. Bxh6 Ne6
52. Be3 Kb7 53. Ke4 Kc6 54. Ke5 Kd7 55. Bb6 Nf8 56. Bxa5 Ng6+ 57. Kf6 Ne7 58.
Kf7 Nc6 59. Bc3 Nd8+ 60. Kf6 Ne6 61. a5 Nc5 62. Bd4 Ne4+ 63. Ke5 Nd6 64. Kd5
Nf7 65. a6 Kc7 66. Ke6 Ng5+ 67. Kd5 Nh7 68. Ke5 Ng5 69. Kf5 Nf3 70. Bf2 Nh2 71.
Bg3+ 1-0

[Event "Cto. Madrid 2016/2017 - Semifinal"]
[Site "Madrid ESP"]
[Date "2017.03.30"]
[Round "4.18"]
[White "Morera Rodriguez, Ignacio"]
[Black "Molina Garcia, Francisco Javier"]
[Result "1-0"]
[WhiteElo "1977"]
[BlackElo "1922"]
[PlyCount "79"]
[EventDate "2017.03.27"]
[EventType "swiss"]
[EventRounds "9"]
[EventCountry "ESP"]
[SourceTitle "AeM"]
[Source "lmi"]
[SourceDate "2017.03.27"]

1. d4 d5 2. c4 e6 3. Nf3 c6 4. g3 dxc4 5. Bg2 b5 6. O-O Bb7 7. Ne5 Nd7 8. a4
Nxe5 9. dxe5 Qxd1 10. Rxd1 a6 11. Nc3 Rb8 12. axb5 axb5 13. Ra7 Ne7 14. Nxb5
Nd5 15. Nc7+ Kd7 16. Nxd5 cxd5 17. e4 Bc5 18. Ra2 Ke7 19. exd5 exd5 20. Bg5+ f6
21. exf6+ gxf6 22. Bf4 Rbd8 23. Ra5 Bd6 24. Ra7 Rb8 25. Bxd5 Bxf4 26. gxf4 Rhd8
27. Re1+ Kd6 28. Bxb7 Rg8+ 29. Bg2 Rxb2 30. Ra5 c3 31. Rd5+ Kc7 32. Rc5+ Kd6
33. Rxc3 Rb4 34. Rd1+ Ke6 35. Kf1 Kf5 36. Rd5+ Ke6 37. Re3+ Kf7 38. Rd7+ Kf8
39. Rd8+ Kf7 40. Bd5+ 1-0

[Event "Cto. Madrid 2016/2017 - Semifinal"]
[Site "Madrid ESP"]
[Date "2017.03.30"]
[Round "4.20"]
[White "Jimenez Gonzalez, Marcos"]
[Black "Barragan Arriaza, Pablo"]
[Result "1/2-1/2"]
[WhiteElo "1829"]
[BlackElo "1872"]
[PlyCount "66"]
[EventDate "2017.03.27"]
[EventType "swiss"]
[EventRounds "9"]
[EventCountry "ESP"]
[SourceTitle "AeM"]
[Source "lmi"]
[SourceDate "2017.03.27"]

1. d4 d5 2. Bg5 Nf6 3. Bxf6 exf6 4. e3 Bf5 5. Nf3 h6 6. Be2 Bd6 7. O-O O-O 8.
c4 c6 9. Nc3 Be4 10. cxd5 Bxd5 11. Nxd5 cxd5 12. Qb3 Qd7 13. Kh1 Be7 14. Qb5
Nc6 15. Rac1 a6 16. Qd3 f5 17. Ne5 Nxe5 18. dxe5 Rac8 19. Rcd1 Rfd8 20. Bf3 Rc5
21. e4 fxe4 22. Bxe4 Qb5 23. Qxb5 Rxb5 24. Bf3 Rxb2 25. Bxd5 Rb5 26. Bf3 Rxd1
27. Rxd1 Rxe5 28. Bxb7 Ra5 29. Bd5 Rc5 30. Bb3 Rc7 31. g3 Bf6 32. Kg2 Kf8 33.
Rd3 Ke7 1/2-1/2

[Event "Cto. Madrid 2016/2017 - Semifinal"]
[Site "Madrid ESP"]
[Date "2017.03.30"]
[Round "4.21"]
[White "Pashov, Spas Nikolov"]
[Black "Garcia Serrano, Jose Manuel"]
[Result "1-0"]
[WhiteElo "1867"]
[BlackElo "1871"]
[PlyCount "123"]
[EventDate "2017.03.27"]
[EventType "swiss"]
[EventRounds "9"]
[EventCountry "ESP"]
[SourceTitle "AeM"]
[Source "lmi"]
[SourceDate "2017.03.27"]

1. e4 e5 2. Nf3 Nc6 3. c3 Nf6 4. d4 Nxe4 5. d5 Nb8 6. Nxe5 Bc5 7. Nd3 Bb6 8.
Nd2 O-O 9. Nxe4 Re8 10. Be2 Rxe4 11. O-O d6 12. Bf3 Re8 13. Bg4 Nd7 14. Qf3 Nf6
15. Bxc8 Qxc8 16. Bg5 Ne4 17. Bc1 Qd7 18. Rd1 Qe7 19. Be3 Bxe3 20. Qxe3 Qh4 21.
Qf4 Qh5 22. c4 Qe2 23. f3 Nf6 24. Rd2 Qe3+ 25. Qxe3 Rxe3 26. Re1 Rxe1+ 27. Nxe1
Kf8 28. Kf2 a5 29. Nc2 Nd7 30. Nd4 Ne5 31. Rc2 Re8 32. Rc3 Ke7 33. h3 Kd8 34.
f4 Nd7 35. Ra3 Re4 36. Ne2 b6 37. Rc3 Nc5 38. Kf3 Ke7 39. b3 g6 40. Re3 f5 41.
Nc3 Rxe3+ 42. Kxe3 Kf6 43. Nb5 Na6 44. g3 h5 45. Kf3 Ke7 46. g4 h4 47. gxf5
gxf5 48. Ke3 Kd7 49. Nd4 Nb4 50. a3 Na6 51. Nxf5 Nc5 52. b4 axb4 53. axb4 Na6
54. b5 Nb4 55. Nxh4 Nc2+ 56. Kd3 Nb4+ 57. Kd2 Ke7 58. Nf3 Kf6 59. Nd4 Kg6 60.
h4 Kh5 61. f5 Kh6 62. Ne6 1-0

[Event "Cto. Madrid 2016/2017 - Semifinal"]
[Site "Madrid ESP"]
[Date "2017.03.31"]
[Round "5.1"]
[White "Torres Bosch, Jose Francisco"]
[Black "Iagar, Razvan Gabriel"]
[Result "0-1"]
[WhiteElo "2154"]
[BlackElo "2150"]
[PlyCount "76"]
[EventDate "2017.03.27"]
[EventType "swiss"]
[EventRounds "9"]
[EventCountry "ESP"]
[SourceTitle "AeM"]
[Source "lmi"]
[SourceDate "2017.03.27"]

1. e4 e6 2. d4 d5 3. Nc3 Nf6 4. e5 Nfd7 5. f4 c5 6. Nf3 Nc6 7. Be3 a6 8. Qd2 b5
9. dxc5 Bxc5 10. Bd3 Qb6 11. Bf2 Bb7 12. O-O O-O 13. Rae1 Ne7 14. Kh1 Bxf2 15.
Rxf2 Nc5 16. Qe3 Qc7 17. Nd4 g6 18. Rf3 Nxd3 19. Qxd3 Rac8 20. Nce2 Qa5 21.
Ref1 Qxa2 22. g4 Qc4 23. Qe3 f5 24. exf6 Rxf6 25. f5 gxf5 26. Qg5+ Kf7 27. Rh3
Rh8 28. b3 Qc5 29. Rh6 Rg6 30. Qh5 Rhg8 31. Rxh7+ R8g7 32. Rxg7+ Kxg7 33. Nxe6+
Rxe6 34. gxf5 d4+ 35. Kg1 d3+ 36. Rf2 Nxf5 37. Ng3 Re1+ 38. Nf1 Rxf1+ 0-1

[Event "Cto. Madrid 2016/2017 - Semifinal"]
[Site "Madrid ESP"]
[Date "2017.03.31"]
[Round "5.2"]
[White "Longa Yauca, Javier"]
[Black "Madina Yadarola, Martin"]
[Result "1/2-1/2"]
[WhiteElo "2257"]
[BlackElo "2243"]
[PlyCount "23"]
[EventDate "2017.03.27"]
[EventType "swiss"]
[EventRounds "9"]
[EventCountry "ESP"]
[SourceTitle "AeM"]
[Source "lmi"]
[SourceDate "2017.03.27"]

1. d4 Nf6 2. Nf3 g6 3. Nbd2 d5 4. e3 b6 5. b3 Bg7 6. Bb2 Bb7 7. c4 e6 8. Ne5
O-O 9. f4 Nfd7 10. Ndf3 Nxe5 11. fxe5 Nd7 12. Be2 1/2-1/2

[Event "Cto. Madrid 2016/2017 - Semifinal"]
[Site "Madrid ESP"]
[Date "2017.03.31"]
[Round "5.3"]
[White "Quevedo Marin, Manuel"]
[Black "Camarero Izquierdo, Juan Carlos"]
[Result "1-0"]
[WhiteElo "2245"]
[BlackElo "1775"]
[PlyCount "78"]
[EventDate "2017.03.27"]
[EventType "swiss"]
[EventRounds "9"]
[EventCountry "ESP"]
[SourceTitle "AeM"]
[Source "lmi"]
[SourceDate "2017.03.27"]

1. e4 c5 2. Nf3 d6 3. d4 cxd4 4. Nxd4 Nf6 5. Nc3 a6 6. Bg5 e6 7. f4 Nbd7 8. Bc4
Qc7 9. Qe2 b5 10. Bxe6 fxe6 11. Nxe6 Qa5 12. e5 dxe5 13. fxe5 Nd5 14. Nxg7+ Kf7
15. O-O+ Kxg7 16. Nxd5 Bc5+ 17. Kh1 Bb7 18. Qh5 Rhf8 19. Bh6+ Kh8 20. Qg4 Rg8
21. Qxd7 Bxd5 22. Qxd5 Qb6 23. Rf6 Qa7 24. Rf7 Qb6 25. Bg7+ Rxg7 26. Qxa8+ Rg8
27. Qe4 Qh6 28. Qf4 Qxf4 29. Rxf4 Rd8 30. b4 Be3 31. Rf3 Bh6 32. Rd3 Rc8 33. e6
Kg7 34. c3 Bg5 35. g3 Bf6 36. Rf1 Rc6 37. Rd7+ Kg6 38. e7 Kf7 39. Re1 Rc8 1-0

[Event "Cto. Madrid 2016/2017 - Semifinal"]
[Site "Madrid ESP"]
[Date "2017.03.31"]
[Round "5.4"]
[White "Anton Veiga, Juan Carlos"]
[Black "Corisco Beltran, Rafael"]
[Result "1-0"]
[WhiteElo "2089"]
[BlackElo "2038"]
[PlyCount "51"]
[EventDate "2017.03.27"]
[EventType "swiss"]
[EventRounds "9"]
[EventCountry "ESP"]
[SourceTitle "AeM"]
[Source "lmi"]
[SourceDate "2017.03.27"]

1. e4 c5 2. Nf3 d6 3. d4 cxd4 4. Nxd4 Nf6 5. Nc3 a6 6. Bg5 e6 7. f4 Qb6 8. Qd2
Qxb2 9. Rb1 Qa3 10. f5 Nc6 11. Nxc6 bxc6 12. fxe6 fxe6 13. Be2 Be7 14. e5 dxe5
15. Bxf6 Bxf6 16. Ne4 O-O 17. O-O Be7 18. Rxf8+ Bxf8 19. Bc4 Qe7 20. Qc3 Rb8
21. Rf1 Rb4 22. Bd3 Rd4 23. Qe1 Qa7 24. Kh1 Rd7 25. Ng5 Bd6 26. Bxh7+ 1-0

[Event "Cto. Madrid 2016/2017 - Semifinal"]
[Site "Madrid ESP"]
[Date "2017.03.31"]
[Round "5.5"]
[White "Pindado Campos, Raul"]
[Black "Alfaya Marcelo, Roberto"]
[Result "1-0"]
[WhiteElo "2046"]
[BlackElo "2193"]
[PlyCount "97"]
[EventDate "2017.03.27"]
[EventType "swiss"]
[EventRounds "9"]
[EventCountry "ESP"]
[SourceTitle "AeM"]
[Source "lmi"]
[SourceDate "2017.03.27"]

1. d4 Nf6 2. Nf3 e6 3. c4 b6 4. g3 Bb7 5. Bg2 Be7 6. O-O O-O 7. Nc3 Ne4 8. Qc2
Nxc3 9. Qxc3 c5 10. dxc5 bxc5 11. Qc2 d6 12. Ng5 Bxg5 13. Bxb7 Bxc1 14. Bxa8
Bg5 15. Bg2 Qb6 16. Qb3 Nd7 17. Rfd1 Rb8 18. Qxb6 Rxb6 19. Rab1 Kf8 20. e3 Ke7
21. Rd2 Kd8 22. Rbd1 Kc7 23. f4 Bf6 24. b3 a5 25. Be4 g6 26. h4 h5 27. Bc2 Bg7
28. Be4 Ra6 29. Bf3 Bf6 30. Kg2 Bg7 31. g4 hxg4 32. Bxg4 Nf6 33. Bf3 Kd7 34. e4
Ke7 35. e5 Ne8 36. h5 Bh6 37. hxg6 fxg6 38. Kg3 g5 39. fxg5 Bxg5 40. Re2 Bh6
41. Bg4 Nc7 42. Rh2 Bg7 43. Rh7 Kf8 44. Rxg7 Kxg7 45. exd6 Nd5 46. cxd5 Rxd6
47. dxe6 Rc6 48. e7 Kf7 49. Re1 1-0

[Event "Cto. Madrid 2016/2017 - Semifinal"]
[Site "Madrid ESP"]
[Date "2017.03.31"]
[Round "5.6"]
[White "Rottenwohrer Suarez, Juan"]
[Black "Gonzalez Rivera, Eduardo"]
[Result "1-0"]
[WhiteElo "2129"]
[BlackElo "2020"]
[PlyCount "43"]
[EventDate "2017.03.27"]
[EventType "swiss"]
[EventRounds "9"]
[EventCountry "ESP"]
[SourceTitle "AeM"]
[Source "lmi"]
[SourceDate "2017.03.27"]

1. c4 e5 2. g3 Nc6 3. Bg2 Nf6 4. Nf3 d5 5. cxd5 Nxd5 6. Nc3 Nb6 7. O-O Be7 8.
d3 Be6 9. a3 a5 10. Be3 O-O 11. Rc1 f5 12. Na4 f4 13. Bc5 Nxa4 14. Qxa4 Bd5 15.
Qb5 Rf6 16. Bxe7 Nxe7 17. Nxe5 Rb6 18. Bxd5+ Nxd5 19. Qc4 Rxb2 20. e4 fxe3 21.
fxe3 b5 22. Qc6 1-0

[Event "Cto. Madrid 2016/2017 - Semifinal"]
[Site "Madrid ESP"]
[Date "2017.03.31"]
[Round "5.7"]
[White "Pablos Tenrero, Raquel"]
[Black "Correas Gonzalez, Jose Ramon"]
[Result "0-1"]
[WhiteElo "1987"]
[BlackElo "2080"]
[PlyCount "84"]
[EventDate "2017.03.27"]
[EventType "swiss"]
[EventRounds "9"]
[EventCountry "ESP"]
[SourceTitle "AeM"]
[Source "lmi"]
[SourceDate "2017.03.27"]

1. e4 c5 2. Nf3 d6 3. d4 cxd4 4. Nxd4 Nf6 5. Nc3 a6 6. h3 e6 7. g4 Nfd7 8. Bg2
Be7 9. Be3 O-O 10. Qe2 Nc6 11. Nb3 b5 12. a3 Bb7 13. O-O Nce5 14. Nd2 Rc8 15.
f4 Nc4 16. Nxc4 bxc4 17. Rad1 Qc7 18. g5 Rfe8 19. Qg4 Bf8 20. Bf2 Bc6 21. Rd4
Qb7 22. Nd1 d5 23. exd5 exd5 24. Rd2 Nc5 25. Nc3 Ne4 26. Nxe4 dxe4 27. Re1 Qxb2
28. Bd4 c3 29. Rde2 Qxa3 30. f5 Bc5 31. Be3 Bb5 32. g6 Bxe2 33. gxf7+ Kxf7 34.
Rxe2 Bxe3+ 35. Rxe3 Qc1+ 36. Kf2 Qd2+ 37. Re2 Qd4+ 38. Kg3 Qe5+ 39. Kh4 Rc4 40.
Re3 Kg8 41. Bf1 Rc6 42. Qg5 Qf6 0-1

[Event "Cto. Madrid 2016/2017 - Semifinal"]
[Site "Madrid ESP"]
[Date "2017.03.31"]
[Round "5.8"]
[White "Pana, Dorin"]
[Black "Cabanas Bravo, Juan Andres"]
[Result "1-0"]
[WhiteElo "2034"]
[BlackElo "2005"]
[PlyCount "81"]
[EventDate "2017.03.27"]
[EventType "swiss"]
[EventRounds "9"]
[EventCountry "ESP"]
[SourceTitle "AeM"]
[Source "lmi"]
[SourceDate "2017.03.27"]

1. e4 e5 2. Nf3 Nc6 3. Bc4 Bc5 4. d3 Nf6 5. O-O d6 6. a4 a6 7. c3 Ba7 8. h3 Ne7
9. Re1 Ng6 10. Nbd2 O-O 11. Nf1 b5 12. Bb3 Bd7 13. Ng3 Qc8 14. Be3 Nf4 15. d4
Bxh3 16. gxh3 Qxh3 17. Bxf4 exf4 18. Nf1 Rae8 19. Bc2 c5 20. axb5 cxd4 21. cxd4
Ng4 22. N3h2 h5 23. Qf3 Qh4 24. Qxf4 Bxd4 25. Nxg4 hxg4 26. bxa6 Be5 27. Qe3
Re6 28. Ng3 Qh3 29. Nf1 g3 30. Nxg3 Bxg3 31. Qxg3 Rg6 32. Re3 Rxg3+ 33. Rxg3
Qc8 34. Bb3 Qa8 35. Bd5 Qa7 36. Rb3 Rc8 37. Rb7 Qd4 38. a7 Rc2 39. a8=Q+ Kh7
40. Rxf7 Qe5 41. Qa3 1-0

[Event "Cto. Madrid 2016/2017 - Semifinal"]
[Site "Madrid ESP"]
[Date "2017.03.31"]
[Round "5.9"]
[White "Prieto Martin, Alfonso"]
[Black "Fernandez Garcia, Ignacio"]
[Result "1-0"]
[WhiteElo "2228"]
[BlackElo "1862"]
[PlyCount "77"]
[EventDate "2017.03.27"]
[EventType "swiss"]
[EventRounds "9"]
[EventCountry "ESP"]
[SourceTitle "AeM"]
[Source "lmi"]
[SourceDate "2017.03.27"]

1. e4 Nc6 2. Nf3 d6 3. d4 Nf6 4. c3 e6 5. Bd3 Be7 6. O-O e5 7. d5 Nb8 8. Re1
O-O 9. Nbd2 Nbd7 10. Nf1 Nc5 11. Bc2 Bg4 12. h3 Bh5 13. Ng3 Bg6 14. b4 Ncd7 15.
Nh2 a5 16. Nhf1 c6 17. dxc6 bxc6 18. Ne3 axb4 19. cxb4 d5 20. Bd2 dxe4 21. Nef5
Nd5 22. a3 Bg5 23. Bxe4 Bxd2 24. Qxd2 N7f6 25. Bxd5 Nxd5 26. Rxe5 Qf6 27. Rae1
Rxa3 28. b5 Ra1 29. Kh2 Rxe1 30. Qxe1 Nf4 31. Ne7+ Kh8 32. Nxc6 h6 33. Re8 Kg8
34. Ne7+ Kh7 35. Rxf8 Nd3 36. Qe2 Nxf2 37. Nxg6 Kxg6 38. Qc2+ Kg5 39. Qxf2 1-0

[Event "Cto. Madrid 2016/2017 - Semifinal"]
[Site "Madrid ESP"]
[Date "2017.03.31"]
[Round "5.10"]
[White "Cervino Rossel, Cristobal"]
[Black "Serrano Garcia, Vicente"]
[Result "1-0"]
[WhiteElo "2045"]
[BlackElo "1841"]
[PlyCount "69"]
[EventDate "2017.03.27"]
[EventType "swiss"]
[EventRounds "9"]
[EventCountry "ESP"]
[SourceTitle "AeM"]
[Source "lmi"]
[SourceDate "2017.03.27"]

1. d4 Nf6 2. Nf3 g6 3. g3 Bg7 4. Bg2 d6 5. O-O O-O 6. c4 c5 7. d5 b5 8. cxb5 a6
9. b6 Qxb6 10. Nc3 Bg4 11. h3 Bd7 12. e4 e5 13. dxe6 fxe6 14. e5 Ne8 15. exd6
Nc6 16. Na4 Qb5 17. Be3 c4 18. Nc5 Rd8 19. a4 Qb8 20. Nxa6 Qxd6 21. Bc5 Qxd1
22. Raxd1 Rf7 23. Ng5 Ne5 24. Nxf7 Kxf7 25. f4 Nd3 26. Bb6 Rc8 27. Bb7 Bxb2 28.
Bxc8 Bxc8 29. Nb8 Nd6 30. Nc6 Ba6 31. Ne5+ Kf6 32. Nxd3 cxd3 33. Rb1 Nc4 34.
Rxb2 Nxb2 35. Bd4+ 1-0

[Event "Cto. Madrid 2016/2017 - Semifinal"]
[Site "Madrid ESP"]
[Date "2017.03.31"]
[Round "5.11"]
[White "Guillo Longares, Cecilia"]
[Black "Morera Rodriguez, Ignacio"]
[Result "1/2-1/2"]
[WhiteElo "1919"]
[BlackElo "1977"]
[PlyCount "38"]
[EventDate "2017.03.27"]
[EventType "swiss"]
[EventRounds "9"]
[EventCountry "ESP"]
[SourceTitle "AeM"]
[Source "lmi"]
[SourceDate "2017.03.27"]

1. d4 Nf6 2. c4 g6 3. Nc3 d5 4. cxd5 Nxd5 5. e4 Nxc3 6. bxc3 Bg7 7. Bc4 c5 8.
Ne2 O-O 9. O-O Nc6 10. Be3 cxd4 11. cxd4 a6 12. Rc1 Bd7 13. Qd2 Qa5 14. Qb2 b5
15. Bd5 Rac8 16. Bd2 Qb6 17. Be3 Qa5 18. Bd2 Qb6 19. Be3 Qa5 1/2-1/2

[Event "Cto. Madrid 2016/2017 - Semifinal"]
[Site "Madrid ESP"]
[Date "2017.03.31"]
[Round "5.12"]
[White "Santamaria Baeza, Adolfo"]
[Black "Vazquez Gonzalez, Francisco"]
[Result "1/2-1/2"]
[WhiteElo "1855"]
[BlackElo "1955"]
[PlyCount "153"]
[EventDate "2017.03.27"]
[EventType "swiss"]
[EventRounds "9"]
[EventCountry "ESP"]
[SourceTitle "AeM"]
[Source "lmi"]
[SourceDate "2017.03.27"]

1. e4 e5 2. Nf3 Nc6 3. Bc4 Nf6 4. d3 Bc5 5. c3 d6 6. b4 Bb6 7. a4 a5 8. O-O
axb4 9. cxb4 Bg4 10. Bb5 O-O 11. Bxc6 bxc6 12. Bb2 Qd7 13. a5 Ba7 14. Nbd2 Nh5
15. Nc4 Nf4 16. Ne3 Bh5 17. Nf5 g6 18. Ng3 Bg4 19. Bc1 h5 20. Bxf4 exf4 21. Ne2
Qe7 22. Qd2 g5 23. Nfd4 Bd7 24. h4 f6 25. Kh1 c5 26. bxc5 Bxc5 27. Nb3 Ba7 28.
f3 Be3 29. Qc3 g4 30. fxg4 Qg7 31. g5 fxg5 32. Qxg7+ Kxg7 33. hxg5 Kg6 34. Ned4
Kxg5 35. Nf3+ Kh6 36. e5 Rg8 37. exd6 cxd6 38. Nbd4 Rg4 39. Rfb1 Rag8 40. Ra2
Be8 41. Nf5+ Kh7 42. Rb7+ Kh8 43. Nxd6 Bc6 44. Nf7+ Kg7 45. Rc7 Bxf3 46. Ne5+
Kh8 47. Nxf3 h4 48. Rc6 Kh7 49. Rb2 R8g7 50. Kh2 h3 51. Kxh3 Rg3+ 52. Kh2 Rd7
53. a6 Rgg7 54. Rb5 Kg8 55. Rc8+ Kf7 56. g4 fxg3+ 57. Kg2 Re7 58. d4 Bd2 59.
Rf5+ Kg6 60. Nh4+ Kh6 61. Rh8+ Rh7 62. Rxh7+ Kxh7 63. Rh5+ Kg8 64. Kxg3 Ra7 65.
Nf3 Be3 66. Ra5 Kf8 67. Kg4 Bf2 68. Kf5 Ke7 69. Ke5 Kd7 70. Kd5 Kc7 71. Kc5 Be3
72. Ra2 Bf4 73. Kb5 Kb8 74. Kb6 Rf7 75. Ne5 Bxe5 76. dxe5 Re7 77. Ra5 1/2-1/2